Every Norfolk Parish (With Map) - Statistics

General Stats
  • This quiz has been taken 367 times
  • The average score is 288 of 540
Answers on the Map
Answers color-coded by a green-red scale on the quiz's map according to % correct below.
 
Answer Stats
Answers % Correct
Cromer
94%
Sheringham
89%
Burgh and Tuttington
87%
Hunstanton
87%
Wells-next-the-Sea
86%
Holt
85%
Fakenham
83%
Upper Sheringham
83%
Wroxham
83%
Dereham
82%
North Walsham
82%
Aylsham
81%
Burgh Castle
81%
Diss
81%
Thorpe Market
81%
Thorpe St. Andrew
81%
Blakeney
80%
Cley Next The Sea
80%
Swaffham
80%
Burnham Market
79%
Happisburgh
79%
Mundesley
79%
Sandringham
79%
Burgh St. Peter
78%
Burnham Overy
78%
Runton
78%
Thetford
78%
Trowse with Newton
78%
Bacton
77%
Downham Market
77%
Acle
76%
Burnham Thorpe
76%
Caister-on-Sea
76%
Holkham
76%
Reepham
76%
Walsingham
76%
Wymondham
76%
Burnham Norton
74%
Attleborough
73%
Coltishall
73%
South Walsham
73%
Stalham
73%
Blickling
72%
Brundall
72%
Castle Rising
72%
Heacham
72%
Melton Constable
72%
Snettisham
72%
Taverham
72%
Costessey
71%
Downham West
71%
Horsham St. Faith and Newton St. Faith
71%
Old Hunstanton
71%
Hemsby
70%
Hethersett
70%
Sprowston
70%
Sutton
70%
Walpole
70%
Winterton-on-Sea
70%
Brancaster
69%
Castle Acre
69%
Drayton
69%
Felbrigg
69%
Garboldisham
69%
Houghton
69%
Oulton
69%
Overstrand
69%
Sea Palling
69%
Walpole Cross Keys
69%
Buxton with Lammas
68%
Cringleford
68%
Easton
68%
Hellesdon
68%
Horsford
68%
Loddon
68%
Newton by Castle Acre
68%
Poringland
68%
Reedham
68%
Roughton
68%
Spixworth
68%
Walpole Highway
68%
Watton
68%
Weybourne
68%
Blofield
67%
Old Catton
67%
Terrington St. Clement
67%
Cawston
66%
Colney
66%
Hoveton
66%
Keswick and Intwood
66%
Lingwood and Burlingham
66%
Postwick with Witton
66%
Repps with Bastwick
66%
Salhouse
66%
Stiffkey
66%
Terrington St. John
66%
Walcott
66%
Brooke
65%
Dersingham
65%
Filby
65%
Hales
65%
Horning
65%
Marsham
65%
Morningthorpe and Fritton
65%
Paston
65%
Great and Little Plumstead
64%
Martham
64%
New Buckenham
64%
Stoke Holy Cross
64%
Tasburgh
64%
Beeston with Bittering
63%
Cantley, Limpenhoe and Southwood
63%
Erpingham
63%
Fleggburgh
63%
Framingham Earl
63%
Hickling
63%
Hingham
63%
Hopton-on-Sea
63%
Little Melton
63%
Long Stratton
63%
Ludham
63%
Necton
63%
Ormesby St. Margaret with Scratby
63%
Potter Heigham
63%
Redenhall with Harleston
63%
Worstead
63%
Ashby with Oby
62%
Barnham Broom
62%
Bawburgh
62%
Beeston St. Andrew
62%
Bressingham
62%
Catfield
62%
Chedgrave
62%
Gayton
62%
Great Melton
62%
Haddiscoe
62%
Horsey
62%
Ingham
62%
Rackheath
62%
Salthouse
62%
Sidestrand
62%
Swanton Morley
62%
Wiveton
62%
Banham
61%
Beeston Regis
61%
Beighton
61%
Foulsham
61%
Guist
61%
Hemblington
61%
Kelling
61%
Kirby Bedon
61%
Letheringsett with Glandford
61%
Morston
61%
North Creake
61%
Old Buckenham
61%
Ringland
61%
Rollesby
61%
Saxlingham Nethergate
61%
South Creake
61%
Surlingham
61%
Swardeston
61%
Titchwell
61%
Trimingham
61%
Trunch
61%
Upton with Fishley
61%
West Acre
61%
Barsham
60%
Binham
60%
Bradwell
60%
Carbrooke
60%
Carleton St. Peter
60%
Ditchingham
60%
East Carleton
60%
Framingham Pigot
60%
Fritton and St. Olaves
60%
Gillingham
60%
Great Massingham
60%
Gressenhall
60%
Mulbarton
60%
Northrepps
60%
Salle
60%
Snetterton
60%
South Lopham
60%
Southrepps
60%
Stratton Strawless
60%
Strumpshaw
60%
Thursford
60%
Tivetshall
60%
Ashmanhaugh
59%
Ashwellthorpe and Fundenhall
59%
Belton with Browston
59%
Blo' Norton
59%
Bracon Ash
59%
Halvergate
59%
Harling
59%
Marham
59%
Mattishall
59%
Newton Flotman
59%
North Lopham
59%
Ormesby St. Michael
59%
Roydon
59%
Scole
59%
Shelton and Hardwick
59%
Somerton
59%
Tharston and Hapton
59%
Thurton
59%
West Caister
59%
West Dereham
59%
Attlebridge
58%
Bawdeswell
58%
Caistor St Edmund and Bixley
58%
Feltwell
58%
Great Witchingham
58%
Haveringland
58%
Little Massingham
58%
Little Snoring
58%
Mautby
58%
Pulham St. Mary
58%
Stow Bardolph
58%
West Walton
58%
Baconsthorpe
57%
Barton Turf
57%
Belaugh
57%
Burston and Shimpling
57%
Bylaugh
57%
East Rudham
57%
Emneth
57%
Frettenham
57%
Great Ellingham
57%
Gresham
57%
Itteringham
57%
Kilverstone
57%
Little Cressingham
57%
Marlingford and Colton
57%
Middleton
57%
Plumstead
57%
Raveningham
57%
Rocklands
57%
Rougham
57%
Shouldham
57%
Smallburgh
57%
Sustead
57%
Thurne
57%
Upwell
57%
Walsoken
57%
Watlington
57%
Woodbastwick
57%
Woodton
57%
Yelverton
57%
Booton
56%
Carleton Rode
56%
Dilham
56%
Earsham
56%
Edgefield
56%
Great Cressingham
56%
Ingworth
56%
Merton
56%
Oxborough
56%
Seething
56%
Shouldham Thorpe
56%
Spooner Row
56%
Swafield
56%
Swainsthorpe
56%
Thurlton
56%
Tilney All Saints
56%
Barton Bendish
55%
Besthorpe
55%
Brisley
55%
Cockley Cley
55%
Corpusty and Saxthorpe
55%
Docking
55%
East Ruston
55%
Foxley
55%
Great Snoring
55%
Heydon
55%
Holme next the Sea
55%
Kenninghall
55%
Kirby Cane
55%
Langham
55%
Langley with Hardley
55%
Lexham
55%
Little Ellingham
55%
Swanton Abbott
55%
Tilney St. Lawrence
55%
West Rudham
55%
Wheatacre
55%
Broome
54%
Great Dunham
54%
Guestwick
54%
Howe
54%
Little Dunham
54%
Neatishead
54%
Outwell
54%
Ovington
54%
Pulham Market
54%
Raynham
54%
Runcton Holme
54%
Scottow
54%
Stokesby with Herringby
54%
Tacolneston
54%
Wood Dalling
54%
Wreningham
54%
Croxton
53%
Deopham
53%
East Walton
53%
Ellingham
53%
Felthorpe
53%
Field Dalling
53%
Flordon
53%
Heckingham
53%
Hedenham
53%
Ketteringham
53%
North Runcton
53%
Thornham
53%
Beachamwell
52%
Bircham
52%
Briston
52%
Cranwich
52%
Freethorpe
52%
Hainford
52%
Hevingham
52%
Quidenham
52%
Rockland St. Mary
52%
Sedgeford
52%
South Acre
52%
Toft Monks
52%
Topcroft
52%
Bergh Apton
51%
Crimplesham
51%
Forncett
51%
Geldeston
51%
Hockering
51%
Little Witchingham
51%
Lyng
51%
Methwold
51%
Norton Subcourse
51%
Ryburgh
51%
Scoulton
51%
South Pickenham
51%
West Winch
51%
Wiggenhall St. Germans
51%
Wiggenhall St. Mary Magdalen
51%
Yaxham
51%
Aldeby
50%
Hindolveston
50%
Alburgh
49%
Aldborough & Thurgarton
49%
Aylmerton
49%
Bramerton
49%
Brettenham
49%
Denton
49%
Denver
49%
Dickleburgh and Rushall
49%
East Winch
49%
Narborough
49%
North Pickenham
49%
North Tuddenham
49%
Bintree
48%
Clenchwarton
48%
Hoe
48%
Ingoldisthorpe
48%
Lessingham
48%
Litcham
48%
North Elmham
48%
North Wootton
48%
Saham Toney
48%
Shotesham
48%
South Wootton
48%
Wacton
48%
Wighton
48%
Alby with Thwaite
47%
Anmer
47%
Crostwick
47%
Elsing
47%
Gimingham
47%
Hindringham
47%
Hockwold cum Wilton
47%
Kimberley
47%
Knapton
47%
Needham
47%
Sculthorpe
47%
Sloley
47%
Warham
47%
Welney
47%
Brampton
46%
Flitcham with Appleton
46%
Fulmodeston
46%
Grimston
46%
Gunthorpe
46%
Leziate
46%
Nordelph
46%
Riddlesworth
46%
Ringstead
46%
Shelfanger
46%
Swannington
46%
Syderstone
46%
Themelthorpe
46%
Weasenham All Saints
46%
Weasenham St. Peter
46%
Weeting-with-Broomhill
46%
Wicklewood
46%
Wramplingham
46%
Ashby St. Mary
45%
Ashill
45%
Foulden
45%
Garvestone, Reymerston and Thuxton
45%
Helhoughton
45%
Horstead with Stanninghall
45%
Swanton Novers
45%
Whinburgh and Westfield
45%
Whissonsett
45%
Brinton
44%
East Tuddenham
44%
Hillington
44%
Honing
44%
Marshland St. James
44%
Mundford
44%
Pentney
44%
Shipdham
44%
Sporle with Palgrave
44%
Suffield
44%
West Beckham
44%
Wormegay
44%
Antingham
43%
Bagthorpe with Barmer
43%
East Beckham
43%
Hilgay
43%
Lynford
43%
Mundham
43%
Aslacton
42%
Felmingham
42%
Fring
42%
Harpley
42%
High Kelling
42%
Mileham
42%
Thwaite
42%
Beetley
41%
Brockdish
41%
Griston
41%
Southery
41%
Wereham
41%
Winfarthing
41%
Choseley
40%
Pudding Norton
40%
Starston
40%
Thompson
40%
Tittleshall
40%
Wood Norton
40%
Congham
39%
Fransham
39%
Gateley
39%
Hempnall
39%
Hockham
39%
Kirstead
39%
Shernborne
39%
Sisland
39%
Wickmere
39%
Wimbotsham
39%
Kettlestone
38%
Longham
38%
Bawsey
37%
Gissing
37%
Northwold
37%
Stockton
37%
Wortwell
37%
Colkirk
36%
Hellington
36%
Bradenham
35%
Caston
35%
Hempstead
35%
Holme Hale
35%
Honingham
35%
Ickburgh
35%
Scarning
35%
Weston Longville
35%
Bridgham
34%
Hardingham
34%
Hilborough
34%
Sparham
34%
Stanhoe
34%
Tunstead
34%
Bunwell
33%
Gooderstone
33%
Great Moulton
33%
Stody
33%
Stoke Ferry
33%
Roudham and Larling
32%
Westwick
32%
Wretham
32%
Boughton
31%
Brandon Parva, Coston, Runhall and Welborne
31%
Fincham
31%
Morley
31%
Colby
30%
Fordham
30%
Skeyton
30%
Didlington
29%
Matlask
29%
Tattersett
29%
Dunton
28%
Stradsett
28%
Barford
27%
Little Barningham
27%
Stanfield
27%
Bodham
26%
Brandiston
26%
Tottenhill
26%
Wendling
26%
Witton
26%
Tibenham
25%
Bedingham
24%
Hanworth
24%
Stow Bedon
24%
Thornage
24%
Twyford
24%
Billingford
23%
Brumstead
23%
Stanford
23%
Stibbard
23%
Tottington
23%
Wretton
23%
Alderford
22%
Briningham
22%
Cranworth
22%
Shropham
22%
Wellingham
22%
Claxton
21%
Kempstone
21%
Horningtoft
20%
Alpington
19%
Barwick
19%
Sturston
18%
Thurning
18%
Heywood
16%
Narford
16%
Hempton
14%
Ryston
14%
Morton on the Hill
13%
Holverston
8%
No matching quizzes found
Score Distribution
Percent of People with Each Score
Percentile by Number Answered
Your Score History
You have not taken this quiz